000 00380nam a2200133Ia 4500
008 151001s9999||||xx |||||||||||||| ||und||
100 _aसी गो प्रभू
245 _aस्वातंत्र्य यज्ञ
250 _a1
260 _bत्रिदल प्रकाशन मुंबई
260 _c1983
300 _a88
365 _b18
999 _c981891
_d981888